Statistics for MLB Teams by Division

Click here to take the quiz!

General Stats

  • This quiz has been taken 110 times
  • The average score is 5 of 6

Answer Stats

HintAnswer% Correct
EastBaltimore Orioles, Boston Red Sox, New York Yankees, Tampa Bay Rays, Toronto Blue Jays
97%
WestArizona Diamondbacks, Colorado Rockies, Los Angeles Dodgers, San Diego Padres, San Francisco Giants
90%
EastAtlanta Braves, Miami Marlins, New York Mets, Philadelphia Phillies, Washington Nationals
89%
CentralChicago Cubs, Cincinnati Reds, Milwaukee Brewers, Pittsburgh Pirates, St. Louis Cardinals
88%
CentralChicago White Sox, Cleveland Indians, Detroit Tigers, Kansas City Royals, Minnesota Twins
88%
WestHouston Astros, Los Angeles Angels, Oakland Athletics, Seattle Mariners, Texas Rangers
88%

Score Distribution

Percentile by Number Answered

Percent of People with Each Score

Your Score History

You have not taken this quiz